Statistiques concernant Plus hautes tours de France

Cliquez ici pour prendre le quiz!

Statistiques générales

  • Ce quiz a été pris 50 fois
  • Le résultat moyen est 2 sur 10

Statistiques - réponses

HintRéponse% Correct
300mTour Eiffel
98%
210Tour Montparnasse
59%
187Tour Total
25%
231Tour First
20%
220Tour Hekla
14%
185Tour Areva
11%
200Tour Incity
5%
194Tour Majunga
5%
185Tour T1
5%
183Tour Granite
2%

Distribution des résultats

Percentile par nombre de réponses

% des personnes avec chaque résultat

Votre développement - résultats

Vous n’avez pas pris ce quiz